| 000 | 00554nam a2200169 i 4500 | ||
|---|---|---|---|
| 001 | 115840 | ||
| 003 | ES-MaACL | ||
| 005 | 20230906190554.0 | ||
| 007 | t| | ||
| 008 | 061121s1910 fr r ||||1| fre d | ||
| 245 | 0 | 3 |
_aLe Musée d'Amsterdam (Rijksmuseum) _b: trente-six planches en couleurs accompagnées de notices inédites / _cpréface de M. W. Steenhoff. |
| 260 |
_aParis : _b[s.n.], _c1910. |
||
| 300 |
_a36 h. 36 lám. ; _c37 cm. |
||
| 610 | 2 |
_aRijksmuseum (Amsterdam) _96450 |
|
| 700 | 1 |
_aSteenhoff, M. W. _9107983 |
|
| 852 |
_aES-MaACL _jB-2083 |
||
| 999 |
_c115840 _d115840 |
||